Statistics for USA Soccer Team Squad In World Cup 2022

Click here to take the quiz!

General Stats

  • This quiz has been taken 178 times
    (163 since last reset)
  • The average score is 13 of 26

Answer Stats

No.HintAnswer% Correct
22.FWChristian Pulisic
94%
3.GKMatt Turner
88%
25.FWTim Weah
80%
5.DFSergino Dest
76%
12.DFWalker Zimmerman
74%
17.MFWeston McKennie
72%
23.FWGio Reyna
69%
8.DFTim Ream
68%
9.DFAntonee Robinson
67%
15.MFTyler Adams
66%
13.MFBrenden Aaronson
62%
18.MFYunus Musah
54%
24.FWJosh Sargent
46%
11.DFDeAndre Yedlin
41%
26.FWHaji Wright
41%
1.GKSean Johnson
40%
19.FWJesus Ferreira
38%
2.GKEthan Horvath
37%
4.DFCameron Carter Vickers
36%
21.FWJordan Morris
30%
14.MFKellyn Acosta
28%
7.DFShaq Moore
28%
6.DFAaron Long
26%
16.MFLuca de la Torre
23%
10.DFJoe Scally
19%
20.FWCristian Roldan
18%

Score Distribution

Percentile by Number Answered

Percent of People with Each Score

Your Score History

You have not taken this quiz since the last reset